Report of the Municipal Employees Minimum Wage fixation Committee (Record no. 489611)

000 -LEADER
fixed length control field 00440cam a22001337a 4500
008 - FIXED-LENGTH DATA ELEMENTS--GENERAL INFORMATION
fixed length control field 180718b1948 xxu||||| |||| 00| 0 eng d
082 ## - DEWEY DECIMAL CLASSIFICATION NUMBER
Classification number R23x5422 M264m
100 ## - MAIN ENTRY--PERSONAL NAME
Personal name Madhya Pradesh. Municipal Employees Minimum Wage fixation Committee
245 ## - TITLE STATEMENT
Title Report of the Municipal Employees Minimum Wage fixation Committee
260 ## - PUBLICATION, DISTRIBUTION, ETC.
Place of publication, distribution, etc. Indore
Name of publisher, distributor, etc. The author
Date of publication, distribution, etc. 1948
300 ## - PHYSICAL DESCRIPTION
Extent 33p.
500 ## - GENERAL NOTE
General note Chairman: S. Joshi
700 ## - ADDED ENTRY--PERSONAL NAME
Personal name Joshi, S. (Chairman)
Holdings
Withdrawn status Lost status Damaged status Not for loan Permanent Location Current Location Date acquired Full call number Barcode Date last seen Price effective from Koha item type
        Indian Institute of Public Administration Indian Institute of Public Administration 2018-08-04 R23x5422 M264m GG1486 2018-08-04 2018-08-04 GG

Powered by Koha